Города-миллионники России - Statistics

General Stats
  • This quiz has been taken 95 times
  • The average score is 13 of 16
Answer Stats
Население 2025 Город % Correct
13 274 285 Москва
97%
5 652 922 Санкт-Петербург
97%
1 637 266 Новосибирск
93%
1 536 183 Екатеринбург
92%
1 329 825 Казань
92%
1 154 885 Краснодар
87%
1 101 367 Омск
87%
1 198 245 Нижний Новгород
86%
1 211 756 Красноярск
79%
1 027 518 Пермь
79%
1 012 219 Волгоград
79%
1 154 223 Самара
77%
1 176 770 Челябинск
76%
1 137 904 Ростов-на-Дону
76%
1 041 722 Воронеж
76%
1 190 254 Уфа
72%
No matching quizzes found
Score Distribution
Percent of People with Each Score
Percentile by Number Answered
Your Score History
You have not taken this quiz